[Event "Bucharest Grand Prix"]
[Site "Bucharest"]
[Date "2023.04.30"]
[Round "7"]
[White "Sachilaru, Alexandru"]
[Black "Soltanici, Ruslan"]
[Result "1/2-1/2"]
[WhiteElo "2144"]
[BlackElo "2359"]
[PlyCount "43"]
[EventDate "2023.04.29"]
[EventType "swiss (rapid)"]
[EventRounds "10"]
[EventCountry "ROU"]
[SourceTitle "CBM 213 Extra"]
[Source "ChessBase"]
[SourceDate "2023.05.31"]
[SourceVersion "1"]
[SourceVersionDate "2023.05.31"]
[SourceQuality "1"]

1. e4 c5 2. Nf3 d6 3. d4 cxd4 4. Nxd4 Nf6 5. Nc3 a6 6. Bg5 e6 7. f4 Be7 8. Qf3 h6 9. Bh4 Qc7 10. 0-0-0 Nbd7 11. g4 g5 12. fxg5 Ne5 13. Qg3 Nfxg4 14. g6 fxg6 15. Bxe7 Qxe7 16. Be2 Bd7 17. Rhg1 Nf6 18. Nf3 Nh5 19. Qe1 Nf4 20. Qd2 g5 21. h4 0-0-0 22. hxg5 1/2-1/2

[Event "Bucharest Grand Prix"]
[Site "Bucharest"]
[Date "2023.04.30"]
[Round "6"]
[White "Soltanici, Ruslan"]
[Black "Kobo, Ori"]
[Result "0-1"]
[WhiteElo "2359"]
[BlackElo "2549"]
[PlyCount "86"]
[EventDate "2023.04.29"]
[EventType "swiss (rapid)"]
[EventRounds "10"]
[EventCountry "ROU"]
[SourceTitle "CBM 213 Extra"]
[Source "ChessBase"]
[SourceDate "2023.05.31"]
[SourceVersion "1"]
[SourceVersionDate "2023.05.31"]
[SourceQuality "1"]

1. e4 c5 2. Nf3 d6 3. d4 cxd4 4. Nxd4 Nf6 5. Nc3 Nc6 6. Bg5 e6 7. Qd2 a6 8. 0-0-0 Bd7 9. f3 Nxd4 10. Qxd4 h6 11. Be3 Bc6 12. Bc4 h5 13. Bb3 Qc7 14. h3 h4 15. Bg5 Be7 16. f4 b5 17. Rhe1 Rc8 18. f5 Rh5 19. Bxf6 Bxf6 20. Qd3 Qe7 21. fxe6 fxe6 22. Ne2 Be5 23. Nd4 Bd7 24. Nf3 a5 25. a3 a4 26. Ba2 Bg3 27. Re2 Rhc5 28. Kb1 b4 29. axb4 Bb5 30. Qd2 Bxe2 31. bxc5 Bxd1 32. Qxd1 Rxc5 33. Nd4 a3 34. bxa3 Qb7+ 35. Bb3 Qxe4 36. Nxe6 Re5 37. Nc7+ Kd7 38. Nd5 Qe1 39. Qxe1 Rxe1+ 40. Ka2 Be5 41. Bc4 Rg1 42. Be2 Rxg2 43. Bg4+ Rxg4 0-1

[Event "MDA-ch"]
[Site "Kishinev"]
[Date "2023.02.11"]
[Round "8"]
[White "Soltanici, Ruslan"]
[Black "Hamitevici, Vladimir"]
[Result "1/2-1/2"]
[WhiteElo "2356"]
[BlackElo "2499"]
[PlyCount "75"]
[EventDate "2023.02.04"]
[EventType "tourn"]
[EventRounds "9"]
[EventCountry "MDA"]
[EventCategory "5"]
[SourceTitle "CBM 212 Extra"]
[Source "ChessBase"]
[SourceDate "2023.03.31"]
[SourceVersion "1"]
[SourceVersionDate "2023.03.31"]
[SourceQuality "1"]

1. e4 e5 2. Nf3 Nc6 3. Bb5 a6 4. Ba4 d6 5. 0-0 Bd7 6. c3 Nge7 7. d4 Ng6 8. Be3 Be7 9. Re1 0-0 10. Nbd2 exd4 11. cxd4 Nb4 12. Bb3 d5 13. a3 Nd3 14. Rf1 Ndf4 15. Bxf4 Nxf4 16. Bxd5 Nxd5 17. exd5 c6 18. Re1 cxd5 19. Qb3 Bc8 20. Nb1 b5 21. Ne5 Bf6 22. Nc3 Be6 23. Ne2 Qb6 24. Rad1 Rac8 25. Nf4 Rfd8 26. h3 Qd6 27. Qg3 Bf5 28. Nh5 Be4 29. Ng4 Bg5 30. Ne5 Qh6 31. Nf3 Be7 32. Nf4 Bd6 33. Ne5 f6 34. Rxe4 fxe5 35. Nxd5 exd4 36. Qb3 Kh8 37. Rexd4 Bc5 38. R4d2 1/2-1/2

[Event "MDA-ch"]
[Site "Kishinev"]
[Date "2023.02.10"]
[Round "7"]
[White "Eletskikh, Alexandr"]
[Black "Soltanici, Ruslan"]
[Result "0-1"]
[WhiteElo "2269"]
[BlackElo "2356"]
[PlyCount "144"]
[EventDate "2023.02.04"]
[EventType "tourn"]
[EventRounds "9"]
[EventCountry "MDA"]
[EventCategory "5"]
[SourceTitle "CBM 212 Extra"]
[Source "ChessBase"]
[SourceDate "2023.03.31"]
[SourceVersion "1"]
[SourceVersionDate "2023.03.31"]
[SourceQuality "1"]

1. d4 Nf6 2. Nf3 e6 3. c4 b6 4. e3 Bb7 5. Bd3 d5 6. b3 Nbd7 7. 0-0 Bd6 8. Bb2 0-0 9. Nc3 a6 10. Rc1 Qe7 11. Na4 dxc4 12. bxc4 c5 13. Ne5 cxd4 14. exd4 Rfd8 15. Qe2 b5 16. cxb5 axb5 17. Bxb5 Nd5 18. Qf3 Nxe5 19. dxe5 Bb4 20. Qe2 Nf4 21. Qg4 Bd2 22. Nc5 h5 23. Qg3 Bxc1 24. Nxb7 Qxb7 25. Bxc1 Qxb5 26. Bxf4 Rxa2 27. Qf3 Qe2 28. Qxe2 Rxe2 29. g3 Kh7 30. Kg2 Kg6 31. Rb1 Ra8 32. Kf3 Raa2 33. Be3 Reb2 34. Rc1 Rb5 35. Bf4 Ra3+ 36. Kg2 Rab3 37. Rc2 Rb7 38. Rc4 Kf5 39. h4 R3b4 40. Rc5 Rxf4 41. gxf4 Kxf4 42. Ra5 Rd7 43. Rb5 Kg4 44. Rb4+ Kf5 45. Rb5 Rd5 46. Rb7 Kg6 47. f4 f6 48. exf6 gxf6 49. Rb3 Kf5 50. Kf3 Ra5 51. Rc3 Ra4 52. Rc5+ e5 53. fxe5 fxe5 54. Rc8 e4+ 55. Kf2 Kg4 56. Ke3 Kxh4 57. Kf4 Kh3 58. Rc3+ Kg2 59. Rc2+ Kf1 60. Rh2 h4 61. Ke3 h3 62. Rb2 Kg1 63. Rb1+ Kg2 64. Rb2+ Kg3 65. Rb8 h2 66. Rg8+ Kh3 67. Rh8+ Kg2 68. Rg8+ Kh1 69. Kf2 Ra2+ 70. Kf1 e3 71. Rf8 Ra1+ 72. Ke2 Kg2 0-1

[Event "MDA-ch"]
[Site "Kishinev"]
[Date "2023.02.08"]
[Round "5"]
[White "Baranciuc, Alexandr"]
[Black "Soltanici, Ruslan"]
[Result "0-1"]
[WhiteElo "2163"]
[BlackElo "2356"]
[PlyCount "63"]
[EventDate "2023.02.04"]
[EventType "tourn"]
[EventRounds "9"]
[EventCountry "MDA"]
[EventCategory "5"]
[SourceTitle "CBM 212 Extra"]
[Source "ChessBase"]
[SourceDate "2023.03.31"]
[SourceVersion "1"]
[SourceVersionDate "2023.03.31"]
[SourceQuality "1"]

1. e4 e5 2. Nf3 Nc6 3. Nc3 Nf6 4. Bb5 Bb4 5. 0-0 0-0 6. d3 d6 7. Bg5 Bxc3 8. bxc3 Qe7 9. Bxc6 bxc6 10. Qd2 h6 11. Bh4 Qe6 12. Bxf6 Qxf6 13. Qe3 c5 14. Rab1 Qe6 15. c4 Bd7 16. Rb7 Rfc8 17. Qd2 Bc6 18. Rb3 f5 19. exf5 Qxf5 20. Ne1 a5 21. c3 a4 22. Rb2 Rcb8 23. Qc1 Qg5 24. f4 exf4 25. Rbf2 a3 26. d4 Be4 27. h4 Qg3 28. Qxf4 Qxf4 29. Rxf4 Rb1 30. dxc5 dxc5 31. h5 Rb2 32. Nf3 0-1